000 00372nam a22001457a 4500
008 240318b ||||| |||| 00| 0 eng d
020 _a586431
041 _aeng
080 _21959
_a51
082 _a51EVE
100 _a22
101 _aMATEMATIK
245 _aAN INTRODUCTION TO THE FOUNDATIONS AND FUNDAMENTALS CONSEPTS OF MATHEMATICS
_cHOWARD EVES
942 _2udc
_cBK
999 _c60610
_d60610